Statistics for Leslie Mann Filmography

Click here to take the quiz!

General Stats

  • This quiz has been taken 10 times
    (3 since last reset)
  • The average score is 31 of 51

Answer Stats

TypeYearName% Correct
Film200917 Again
100%
Film2022Cha Cha Real Smooth
100%
TV Show2011Modern Family
100%
Film2013The Bling Ring
100%
Film2014The Other Woman
100%
Film2008Beverly Hills Chihuahua
67%
Film1999Big Daddy
67%
Film2018Blockers
67%
Film1996Bottle Rocket
67%
TV Show1998Disney's Hercules: The Animated Series
67%
Film2008Drillbit Taylor
67%
TV Show1999Freaks and Geeks
67%
Film2009Funny People
67%
Film1997George of the Jungle
67%
Film2016How to Be Single
67%
Film2009I Love You Phillip Morris
67%
Film2007Knocked Up
67%
Film1996Last Man Standing
67%
Film2019Motherless Brooklyn
67%
Film2014Mr. Peabody & Sherman
67%
Film2002Orange County
67%
Film2012ParaNorman
67%
Film2001Perfume
67%
Film2011Rio
67%
Film2014Rio 2
67%
Film1996She's the One
67%
Film2009Shorts
67%
Film2005The 40-Year-Old Virgin
67%
Film2022The Bubble
67%
Film1996The Cable Guy
67%
Film2011The Change-Up
67%
Film2016The Comedian
67%
Film2020The Croods: A New Age
67%
TV Show2014The Simpsons
67%
Film2012This Is 40
67%
Film2015Vacation
67%
Film2018Welcome to Marwen
67%
TV Show2011Allen Gregory
33%
TV Show1994Birdland
33%
Film2020Blithe Spirit
33%
TV Show2019Hollywood Game Night
33%
Commercial2015-2021Jergens
33%
Film2011Little Birds
33%
TV Documentary2014Makers: Women Who Make America
33%
FilmTBARocking the Boat
33%
Film2002Stealing Harvard
33%
TV Show2018The Bachelor
33%
TV Show1995The Wright Verdicts
33%
Film1996Things I Never Told You
33%
Film2000Timecode
33%
Film1991Virgin High
33%

Score Distribution

Percentile by Number Answered

Percent of People with Each Score

Your Score History

You have not taken this quiz since the last reset